000 02125cam a2200265 4500500
005 20260222003950.0
041 _afre
042 _adc
100 1 0 _aChapellon, Sébastien
_eauthor
245 0 0 _aMensonges dans la civilisation
260 _c2010.
500 _a58
520 _aRésuméL’enfant qui tente de faire croire à sa maman que « papa, lui, est d’accord » teste leur cohérence éducative. À son instar, les jeunes qui profèrent de fausses déclarations de maltraitance auprès des acteurs de la protection de l’enfance explorent une dysharmonie du consensus éducatif. Ces mensonges, en conflictualisant le lien famille/système, mettent en exergue une discorde inconsciente. L’auteur les considère comme un prisme où se révèle la transcendance invisible du pouvoir social par rapport à l’autorité familiale. Il nous invite à interpréter les faux signalements de maltraitance comme la symptomatisation d’une problématique collective concernant la relation d’autorité.
520 _aThe child who tries to persuade his mom that « dad agrees with him » tests their educational coherence. Following this example, the young people who utter false declarations of mistreatment to the actors of the child welfare explore a disharmony of the educational consensus. These lies draw into conflict the link between family and system and bring out an unconscious discord. The author considers them as a prism which shows the invisible transcendence of society upon the family authority.The child invites us to interpret the false descriptions of mistreatment as the symptomatisation of a collective issue about the authority relation ship.
690 _aautorité
690 _aconsensus éducatif
690 _adiscorde
690 _amensonge
690 _aauthority
690 _adiscord
690 _aeducational consensus
690 _alies
786 0 _nNouvelle revue de psychosociologie | 9 | 1 | 2010-06-28 | p. 187-197 | 1951-9532
856 4 1 _uhttps://shs.cairn.info/revue-nouvelle-revue-de-psychosociologie-2010-1-page-187?lang=fr&redirect-ssocas=7080
999 _c1667962
_d1667962